Most Educated Countries - Statistics

General Stats
  • This quiz has been taken 852 times
    721 since last reset
  • The average score is 12 of 18
Answer Stats
% Country % Correct
44 United States
95%
42 United Kingdom
93%
54 Canada
89%
39 Sweden
88%
48 Japan
87%
42 Norway
87%
42 Finland
85%
45 South Korea
76%
42 Australia
73%
41 Ireland
70%
40 Switzerland
66%
37 Iceland
63%
37 Belgium
59%
54 Russia
50%
46 Luxembourg
48%
38 Estonia
31%
49 Israel
26%
37 Lithuania
24%
No matching quizzes found
Score Distribution
Percent of People with Each Score
Percentile by Number Answered
Your Score History
You have not taken this quiz since the last reset